000 00716cam a2200253 a 4500
008
020 _a0750638869 (pbk.)
049 _aMAIN
090 _aTJ145
_bBAC
100 1 _aBacon, D.H.
245 1 0 _aMechanical technology /
_cD.H. Bacon and R.C. Stephens.
250 _a3rd ed.
260 _aOxford ;
_aBoston :
_bButterworth-Heinemann,
_c1998.
300 _avi, 553 p. :
_bill. ;
_c25 cm.
500 _aIncludes index.
650 0 _aMechanical engineering.
650 4 _aMechanical engineering.
700 1 _aStephens, R.C.
907 _a.b10017252
_b20-03-12
_c17-04-03
003
005 20230123134108.0
040 _cNUST
942 _cBOOKS
_kTJ145
_mBAC
999 _c159973
_d159973